[Event "GER-ch U14 Girls"]
[White "Funke, Luise"]
[Black "Hamati, Emeli"]
[Site "Willingen"]
[Round "6"]
[Result "0-1"]
[Date "2024.05.22"]
[WhiteElo "1330"]
[BlackElo "853"]
[PlyCount "90"]
[EventDate "2024.05.19"]
[EventType "swiss"]
[EventRounds "9"]
[EventCountry "GER"]
[SourceTitle "CBM 220 Extra"]
[Source "ChessBase"]
[SourceDate "2024.07.31"]
[SourceVersion "1"]
[SourceVersionDate "2024.07.31"]
[SourceQuality "1"]

1. e4 e6 2. d4 d5 3. e5 c5 4. c3 Nc6 5. Nf3 Nge7 6. Be2 cxd4 7. cxd4 Nf5 8. Nc3 Qb6 9. Be3 Qxb2 10. Nb5 Bb4+ 11. Bd2 0-0 12. 0-0 Bxd2 13. Nxd2 Nfxd4 14. Nd6 Nxe2+ 15. Qxe2 Qxe5 16. Qxe5 Nxe5 17. Nb5 b6 18. Rfe1 Nc6 19. Nf3 Nb4 20. Rec1 Bd7 21. Nbd4 Rac8 22. Rf1 Nc2 23. Nxc2 Rxc2 24. Ne5 Ba4 25. Rfe1 f6 26. Nd3 e5 27. Nb4 Rc5 28. Nd3 Rc3 29. Nb4 Rd8 30. Rab1 d4 31. Re2 d3 32. Rd2 a5 33. Na6 Rc2 34. Rbd1 Rxa2 35. Rxa2 Bxd1 36. Rd2 Be2 37. f3 Rc8 38. Rb2 Rc2 39. Rb1 d2 40. Kf2 Rc1 41. Rxb6 d1Q 42. Rb8+ Kf7 43. Rb7+ Kg6 44. h4 Qe1+ 45. Ke3 Bxa6# 0-1